The feuding familities of village gangauli / (Record no. 131341)
[ view plain ]
| 000 -LEADER | |
|---|---|
| fixed length control field | 00743nam a22002417a 4500 |
| 005 - DATE AND TIME OF LATEST TRANSACTION | |
| control field | 20170124110126.0 |
| 010 ## - LIBRARY OF CONGRESS CONTROL NUMBER | |
| LC control number | A-779632 |
| 020 ## - INTERNATIONAL STANDARD BOOK NUMBER | |
| Terms of availability | 00.00 |
| 035 ## - SYSTEM CONTROL NUMBER | |
| System control number | A-779632 |
| 037 ## - SOURCE OF ACQUISITION | |
| Stock number | Cen Lib/Ret |
| 040 ## - CATALOGING SOURCE | |
| Original cataloging agency | DPL |
| Language of cataloging | EN |
| 082 ## - DEWEY DECIMAL CLASSIFICATION NUMBER | |
| Classification number | N |
| Item number | RAH |
| 100 ## - MAIN ENTRY--PERSONAL NAME | |
| Personal name | Rahi Masoom Reza |
| 9 (RLIN) | 102096 |
| 245 ## - TITLE STATEMENT | |
| Title | The feuding familities of village gangauli / |
| Statement of responsibility, etc | by Rahi Masoom Reza; translated from the hindi by Gillian Wright |
| 260 ## - PUBLICATION, DISTRIBUTION, ETC. (IMPRINT) | |
| Place of publication, distribution, etc | New Delhi |
| Name of publisher, distributor, etc | Penguin Books |
| Date of publication, distribution, etc | 1995 |
| 270 ## - ADDRESS | |
| Address | 210, Chiranjivi Tower, Nehru place |
| City | New Delhi |
| Postal code | 110001 |
| 300 ## - PHYSICAL DESCRIPTION | |
| Extent | 354p. |
| Dimensions | 22cm(Hb) |
| 500 ## - GENERAL NOTE | |
| General note | Includes glossary |
| 650 ## - SUBJECT ADDED ENTRY--TOPICAL TERM | |
| Topical term or geographic name as entry element | Hindi literature |
| 9 (RLIN) | 102097 |
| 650 ## - SUBJECT ADDED ENTRY--TOPICAL TERM | |
| Topical term or geographic name as entry element | Hindi novel |
| 9 (RLIN) | 102098 |
| 700 ## - ADDED ENTRY--PERSONAL NAME | |
| Personal name | Wright, Gillian |
| 9 (RLIN) | 31522 |
| 942 ## - ADDED ENTRY ELEMENTS (KOHA) | |
| Source of classification or shelving scheme | Dewey Decimal Classification |
| Koha item type | English Books |
| Classification part | N |
| Call number suffix | RAH |
| Withdrawn status | Lost status | Damaged status | Not for loan | Home library | Current library | Date acquired | Source of acquisition | Cost, normal purchase price | Total Checkouts | Full call number | Barcode | Date last seen | Copy number | Cost, replacement price | Price effective from | Koha item type | Public note |
|---|---|---|---|---|---|---|---|---|---|---|---|---|---|---|---|---|---|
| Written off | Central Library | Central Library | 14/07/2015 | Cen Lib/Ret | 0.00 | N RAH | A-779632 | 14/07/2015 | 100.00 | 0.00 | 14/07/2015 | English Books | W/d List No. 6866/18 ; dtd 08/08/2020 |
